Terapéutica de Conn 1984

Bibliographic Details
Main Author: Rakel, Robert E.
Format: Book
Language:Spanish
Subjects:

MARC

LEADER 000000am a2200000 a 4500
001 20281
005 20230308180005.0
008 986031|1984 ||||||||r|||||||||||spa||
020 |a 9500603470 
040 |b spa 
041 0 |a Es 
082 0 |a 615  |b Rak 
100 1 |a Rakel, Robert E.  |9 85880 
245 1 1 |a Terapéutica de Conn 1984  |c Dirigido por Robert E. Rakel  |h imp 
264 |a Buenos Aires  |b Médica Panamericana  |c 1984 
300 |a 1115 páginas:  |b tbls. 
504 |a incl. ref. 
650 1 0 |a Terapéutica  |9 2368 
852 |a UC-SALUD  |f compra  |k mariana.feican  |l 1  |m General  |p 19860317  |q S/. 7.000  |t 20281  |b 0  |d CDRS  |e CDRS  |g 615 Rak  |z 1986-60-31 
942 |c BK 
999 |c 51687  |d 51687